[Event "Portugal Open 2018"]
[Site "Lisboa POR"]
[Date "2018.02.09"]
[Round "9.76"]
[White "Lazarevic, Dusan"]
[Black "Hapke, Ralf"]
[Result "0-1"]
[WhiteElo "1983"]
[BlackElo "1859"]
[WhiteFideId "978523"]
[BlackFideId "4655630"]
[WhiteCountry "SRB"]
[BlackCountry "GER"]
[PlyCount "68"]
[EventDate "2018.??.??"]

1. e4 d5 2. exd5 Nf6 3. Nf3 Bg4 4. Be2 Qxd5 5. h3 Bf5 6. d3 c6 7. O-O e6 8. c4
Qa5 9. Bd2 Qc7 10. Nc3 Nbd7 11. a3 Bd6 12. b4 Ne5 13. d4 Nxf3+ 14. Bxf3 Bd3 15.
Be2 Bxe2 16. Qxe2 O-O 17. Ne4 Nxe4 18. Qxe4 Rfd8 19. Rac1 Rac8 20. h4 Qe7 21.
Qg4 f5 22. Qh3 Qf7 23. Rfe1 Re8 24. Bc3 Be7 25. Re2 Bf6 26. g4 fxg4 27. Qxg4 Qg6
28. Qxg6 hxg6 29. Re4 Kf7 30. Kg2 Rh8 31. Kg3 Rh5 32. Rce1 Rch8 33. Rxe6 Rxh4
34. Kg2 Rh2+ 0-1

[Event "Portugal Open 2018"]
[Site "Lisboa POR"]
[Date "2018.02.09"]
[Round "9.77"]
[White "Ribeiro, Bruno Rafael"]
[Black "Staufenberger, Bernd"]
[Result "1/2-1/2"]
[WhiteElo "1831"]
[BlackElo "1981"]
[WhiteFideId "1908081"]
[BlackFideId "4682505"]
[WhiteCountry "POR"]
[BlackCountry "GER"]
[PlyCount "48"]
[EventDate "2018.??.??"]

1. e4 c5 2. Nc3 e6 3. g3 d5 4. exd5 exd5 5. Bg2 Nf6 6. d3 Be7 7. Nge2 O-O 8. O-O
d4 9. Ne4 Nxe4 10. Bxe4 Nd7 11. Bg2 Nf6 12. Nf4 Qc7 13. Nd5 Nxd5 14. Bxd5 Bh3
15. Re1 Bd6 16. Bd2 Qd7 17. Qf3 Bg4 18. Qg2 Rab8 19. a4 Rfe8 20. b3 Rxe1+ 21.
Rxe1 b6 22. Bc6 Qc7 23. Qe4 Be6 24. Bd5 Bxd5 1/2-1/2

[Event "Portugal Open 2018"]
[Site "Lisboa POR"]
[Date "2018.02.09"]
[Round "9.78"]
[White "Baumgartner, Christopher"]
[Black "Alshameary Puente, Daniel"]
[Result "1/2-1/2"]
[WhiteElo "1809"]
[BlackElo "1976"]
[WhiteFideId "2022087"]
[BlackFideId "22252096"]
[WhiteCountry "USA"]
[BlackCountry "ESP"]
[PlyCount "49"]
[EventDate "2018.??.??"]

1. e4 c5 2. Nf3 d6 3. Bb5+ Bd7 4. Bxd7+ Qxd7 5. O-O Nc6 6. c3 Nf6 7. Qe2 e6 8.
Rd1 Be7 9. d4 cxd4 10. cxd4 d5 11. Nc3 dxe4 12. Nxe4 Rd8 13. Bg5 Nxe4 14. Bxe7
Qxe7 15. Qxe4 O-O 16. Ne5 Qb4 17. Nxc6 bxc6 18. Qxc6 Qxb2 19. Qc5 Rd7 20. a3
Rfd8 21. h3 Rxd4 22. Rdb1 Qe2 23. Qxa7 e5 24. Rb8 Qc4 25. Rab1 1/2-1/2

[Event "Portugal Open 2018"]
[Site "Lisboa POR"]
[Date "2018.02.09"]
[Round "9.79"]
[White "Fidalgo, Daniel"]
[Black "Guerreiro, Paulo"]
[Result "1-0"]
[WhiteElo "1966"]
[BlackElo "1796"]
[WhiteFideId "1934279"]
[BlackFideId "1902105"]
[WhiteCountry "POR"]
[BlackCountry "POR"]
[PlyCount "77"]
[EventDate "2018.??.??"]

1. c4 e5 2. g3 f5 3. Bg2 Nf6 4. d3 d6 5. e3 Be7 6. Ne2 O-O 7. O-O c6 8. Nbc3 Be6
9. b3 Nbd7 10. f4 Qe8 11. d4 e4 12. d5 cxd5 13. cxd5 Bf7 14. Nd4 g6 15. Ba3 a6
16. Qd2 Nb6 17. Ne6 Bxe6 18. dxe6 d5 19. Bb2 Bc5 20. Ne2 Qxe6 21. Nd4 Qf7 22. h3
Rac8 23. Rfc1 Nbd7 24. Bf1 Nb8 25. Be2 Qd7 26. Kf2 Be7 27. a3 Bc5 28. b4 Bxd4
29. Bxd4 Nc6 30. Bc5 Rf7 31. b5 axb5 32. Bxb5 Qd8 33. Bxc6 Rxc6 34. Bd4 Rfc7 35.
Rxc6 Rxc6 36. Rc1 Qd7 37. Bb2 Kf7 38. Qd4 Qc7 39. Qxf6+ 1-0

[Event "Portugal Open 2018"]
[Site "Lisboa POR"]
[Date "2018.02.09"]
[Round "9.80"]
[White "Silva, Flávio"]
[Black "Silva, Daniel"]
[Result "1-0"]
[WhiteElo "1952"]
[BlackElo "1536"]
[WhiteFideId "1903691"]
[BlackFideId "1951378"]
[WhiteCountry "POR"]
[BlackCountry "POR"]
[PlyCount "99"]
[EventDate "2018.??.??"]

1. c4 c5 2. Nf3 Nc6 3. g3 e6 4. Bg2 Nf6 5. Nc3 Be7 6. O-O O-O 7. d4 cxd4 8. Nxd4
a6 9. b3 Qc7 10. Na4 d6 11. Be3 Nd7 12. Rc1 Rb8 13. Nxc6 bxc6 14. c5 d5 15. Qc2
Bb7 16. f4 f6 17. Bh3 Kf7 18. Bd4 h6 19. e4 dxe4 20. Qxe4 f5 21. Qe2 Bf6 22.
Bxf6 Kxf6 23. Rfd1 Rbd8 24. Rd6 Rfe8 25. Re1 Nf8 26. Qe5+ Kf7 27. Nb2 Rxd6 28.
cxd6 Qb6+ 29. Kf1 Qb5+ 30. Nc4 Nd7 31. Qe2 a5 32. a4 Qd5 33. Bg2 Qc5 34. Qf2
Qxf2+ 35. Kxf2 Rd8 36. Nxa5 Ba8 37. Bxc6 Nc5 38. Rd1 Nd7 39. Rc1 Rc8 40. b4 Bxc6
41. Rxc6 Rxc6 42. Nxc6 Ke8 43. a5 Nf6 44. a6 Nd5 45. a7 Nb6 46. Ne5 g5 47. Nc4
Na8 48. b5 Kd7 49. b6 Kc6 50. d7 1-0

[Event "Portugal Open 2018"]
[Site "Lisboa POR"]
[Date "2018.02.09"]
[Round "9.81"]
[White "Arroyo Figuero, Fernando"]
[Black "Carpentier, Jannes"]
[Result "1/2-1/2"]
[WhiteElo "1783"]
[BlackElo "1933"]
[WhiteFideId "22218769"]
[BlackFideId "235059"]
[WhiteCountry "ESP"]
[BlackCountry "BEL"]
[PlyCount "83"]
[EventDate "2018.??.??"]

1. e4 b6 2. d4 Bb7 3. Bd3 e6 4. Nf3 c5 5. c3 Nf6 6. Qe2 Be7 7. O-O Nc6 8. Bf4
O-O 9. Nbd2 Rc8 10. Rac1 cxd4 11. cxd4 Nb4 12. Rxc8 Qxc8 13. Ra1 Nxd3 14. Qxd3
Qc6 15. Ne5 Qa4 16. b3 Qa5 17. Nec4 Qh5 18. Bd6 Bxd6 19. Nxd6 Bc6 20. f3 Qg5 21.
N2c4 Nh5 22. Qe3 Nf4 23. g3 Nh3+ 24. Kg2 Qh5 25. Ne5 f5 26. Nxc6 dxc6 27. exf5
exf5 28. Qe6+ Kh8 29. f4 Nxf4+ 30. gxf4 Qg4+ 31. Kf2 Qxf4+ 32. Ke2 Qxh2+ 33. Kd3
Qg3+ 34. Kc4 b5+ 35. Kb4 h6 36. Nf7+ Rxf7 37. Qxf7 a5+ 38. Kxa5 Qc3+ 39. Ka6
Qxa1 40. Qf8+ Kh7 41. Qxf5+ Kh8 42. Qf8+ 1/2-1/2

[Event "Portugal Open 2018"]
[Site "Lisboa POR"]
[Date "2018.02.09"]
[Round "9.82"]
[White "Dias, António"]
[Black "Höbarth, Günter"]
[Result "0-1"]
[WhiteElo "1707"]
[BlackElo "1931"]
[WhiteFideId "1928040"]
[BlackFideId "1610198"]
[WhiteCountry "POR"]
[BlackCountry "AUT"]
[PlyCount "66"]
[EventDate "2018.??.??"]

1. d4 d6 2. Nc3 Nf6 3. Bg5 Nbd7 4. Nf3 c6 5. e4 e5 6. h3 Be7 7. Be2 b5 8. b4 O-O
9. O-O Bb7 10. a4 bxa4 11. Rxa4 a5 12. Bxf6 Bxf6 13. d5 Nb6 14. Rxa5 cxd5 15.
Nxd5 Nxd5 16. Rxa8 Qxa8 17. exd5 Bxd5 18. c4 Bb7 19. Qxd6 Rd8 20. Qc7 h6 21. Qa5
e4 22. Qxa8 Rxa8 23. Nh2 Ra2 24. Re1 Bc3 25. Rc1 Bxb4 26. Kf1 Bc5 27. Ng4 f5 28.
Ne3 f4 29. Nc2 Bc6 30. f3 exf3 31. Bxf3 Bxf3 32. gxf3 Kf7 33. Ne1 Rf2+ 0-1

[Event "Portugal Open 2018"]
[Site "Lisboa POR"]
[Date "2018.02.09"]
[Round "9.83"]
[White "Calzada Cruz, Osvaldo"]
[Black "Taylor, Robert Graham"]
[Result "1/2-1/2"]
[WhiteElo "1745"]
[BlackElo "1906"]
[WhiteFideId "3509460"]
[BlackFideId "1800841"]
[WhiteCountry "CUB"]
[BlackCountry "WLS"]
[PlyCount "82"]
[EventDate "2018.??.??"]

1. e4 c5 2. Nf3 e6 3. d4 cxd4 4. Nxd4 Nc6 5. Be2 Qc7 6. Nc3 a6 7. a3 b5 8. O-O
Bb7 9. Kh1 Nf6 10. f4 d6 11. Bf3 Rc8 12. Nxc6 Bxc6 13. Qe2 Be7 14. e5 dxe5 15.
Bxc6+ Qxc6 16. fxe5 Nd5 17. Qg4 Qc4 18. Qf3 O-O 19. Nxd5 Qxd5 20. Qxd5 exd5 21.
c3 Rc4 22. Be3 Re4 23. Bd4 Re2 24. Rf2 Rxf2 25. Bxf2 f6 26. exf6 Bxf6 27. Kg1
Kf7 28. Kf1 Ke6 29. Ke2 Be5 30. g3 Rf5 31. Rd1 Rh5 32. h4 Bd6 33. g4 Re5+ 34.
Kf3 Re4 35. Re1 Bc5 36. Bg3 Rxe1 37. Bxe1 d4 38. Ke4 dxc3 39. Bxc3 g6 40. h5
gxh5 41. gxh5 Bb6 1/2-1/2

[Event "Portugal Open 2018"]
[Site "Lisboa POR"]
[Date "2018.02.09"]
[Round "9.84"]
[White "Quintino, Luís"]
[Black "Asvestopoulou, Evdokia"]
[Result "1/2-1/2"]
[WhiteElo "1899"]
[BlackElo "1685"]
[WhiteFideId "1904086"]
[BlackFideId "4219198"]
[WhiteCountry "POR"]
[BlackCountry "GRE"]
[PlyCount "70"]
[EventDate "2018.??.??"]

1. d4 Nf6 2. Bg5 Ne4 3. Bf4 d5 4. f3 Nf6 5. c4 e6 6. Nc3 c6 7. c5 b5 8. a3 Be7
9. e3 Nbd7 10. b4 Bb7 11. Bd3 O-O 12. Nge2 Re8 13. O-O Nf8 14. Nxb5 cxb5 15.
Bxb5 Ng6 16. c6 Nxf4 17. cxb7 Nxe2+ 18. Qxe2 Rb8 19. Bxe8 Nxe8 20. Qa6 Qb6 21.
b5 Qxb7 22. Rab1 Nd6 23. Qxb7 Rxb7 24. a4 Nc4 25. Rfe1 Bf6 26. Kf2 Kf8 27. Ke2
Ke7 28. Kd3 Kd7 29. Rb3 Bd8 30. Ra1 Ba5 31. Ra2 Bc7 32. h3 Ba5 33. g4 Rb8 34. e4
Re8 35. e5 Rb8 1/2-1/2

[Event "Portugal Open 2018"]
[Site "Lisboa POR"]
[Date "2018.02.09"]
[Round "9.85"]
[White "Avelino, Camila"]
[Black "Gomes, José Luis"]
[Result "1-0"]
[WhiteElo "1694"]
[BlackElo "1889"]
[WhiteFideId "1938975"]
[BlackFideId "1901710"]
[WhiteCountry "POR"]
[BlackCountry "POR"]
[PlyCount "73"]
[EventDate "2018.??.??"]

1. e4 d5 2. exd5 Qxd5 3. Nc3 Qd8 4. d4 Nf6 5. Bc4 g6 6. Nf3 Bg7 7. O-O O-O 8. h3
Nc6 9. Be3 Bf5 10. a3 a6 11. Qe2 Re8 12. Ne5 Nxe5 13. dxe5 Ne4 14. Bxf7+ Kxf7
15. Qc4+ Be6 16. Qxe4 c6 17. f4 Qa5 18. Rf2 Kg8 19. h4 Rad8 20. h5 Bf5 21. Qf3
gxh5 22. Qxh5 Bg6 23. Qg5 e6 24. Raf1 Kh8 25. g4 Rg8 26. Rh2 Bf8 27. Qf6+ Rg7
28. f5 Be7 29. Qxe6 Bc5 30. fxg6 Bxe3+ 31. Kh1 h6 32. Rf7 Rdg8 33. Rxg7 Rxg7 34.
Qe8+ Rg8 35. Qf7 Rg7 36. Qf8+ Rg8 37. Rxh6+ 1-0

[Event "Portugal Open 2018"]
[Site "Lisboa POR"]
[Date "2018.02.09"]
[Round "9.86"]
[White "Moreira, Simao Chaves"]
[Black "Sousa, Tadeu"]
[Result "1/2-1/2"]
[WhiteElo "1490"]
[BlackElo "1888"]
[WhiteFideId "1939351"]
[BlackFideId "1928198"]
[WhiteCountry "POR"]
[BlackCountry "POR"]
[PlyCount "97"]
[EventDate "2018.??.??"]

1. d4 d5 2. Bf4 Nf6 3. e3 c5 4. c3 Nc6 5. Nd2 Bf5 6. Ngf3 e6 7. Nh4 Bg4 8. Qb3
Qb6 9. Nhf3 c4 10. Qxb6 axb6 11. h3 Bh5 12. g4 Bg6 13. Nh4 b5 14. Nxg6 hxg6 15.
Bg2 b4 16. Ke2 Kd7 17. e4 Be7 18. Bg3 b5 19. g5 Nxe4 20. Nxe4 dxe4 21. Bxe4 bxc3
22. bxc3 Bd6 23. Rhb1 Bxg3 24. fxg3 Rab8 25. h4 Ne7 26. Rb2 Nd5 27. Kd2 b4 28.
Bxd5 bxc3+ 29. Kxc3 exd5 30. Re2 Rhe8 31. Rae1 Rxe2 32. Rxe2 Ra8 33. Kb2 f6 34.
Rf2 fxg5 35. Rf7+ Ke6 36. Rxg7 gxh4 37. gxh4 Kf5 38. Re7 Ra5 39. Re5+ Kg4 40.
Rg5+ Kxh4 41. Rxg6 Kh5 42. Rg8 Kh4 43. Rd8 Kg4 44. Kc3 Kf4 45. Kb4 Rxa2 46. Rxd5
Ke4 47. Kxc4 Rc2+ 48. Kb3 Kxd5 49. Kxc2 1/2-1/2

[Event "Portugal Open 2018"]
[Site "Lisboa POR"]
[Date "2018.02.09"]
[Round "9.87"]
[White "Ruiz Bellón, Manuel"]
[Black "Mendes, Alberto"]
[Result "1/2-1/2"]
[WhiteElo "1886"]
[BlackElo "1672"]
[WhiteFideId "32011504"]
[BlackFideId "1901699"]
[WhiteCountry "ESP"]
[BlackCountry "POR"]
[PlyCount "112"]
[EventDate "2018.??.??"]

1. Nf3 Nc6 2. g3 d6 3. Bg2 e5 4. d3 Rb8 5. c4 Bg4 6. Nc3 Nf6 7. O-O Be7 8. a3
O-O 9. b4 Bxf3 10. Bxf3 Nd4 11. Bg2 c6 12. Bb2 a5 13. e3 Ne6 14. d4 exd4 15.
exd4 axb4 16. axb4 d5 17. c5 b6 18. Na4 bxc5 19. bxc5 Nd7 20. Qd2 Bf6 21. Bc3
Nc7 22. Ba5 Qc8 23. Bh3 Ne6 24. Bc3 Rb5 25. Rfb1 Qb7 26. Rxb5 Qxb5 27. Qe3 Re8
28. Bf1 Qb7 29. Qd3 Rb8 30. Qe3 h6 31. Bh3 Re8 32. Bf5 Re7 33. Qd2 Ng5 34. Kg2
Ne4 35. Qb2 Qxb2 36. Bxb2 g6 37. Bxd7 Rxd7 38. Nb6 Rd8 39. Ra7 Nxc5 40. Rc7 Nd3
41. Rxc6 Nxb2 42. Rxf6 Nc4 43. Kf3 Kg7 44. Rc6 Nxb6 45. Rxb6 g5 46. Kg4 Re8 47.
f3 Re6 48. Rxe6 fxe6 49. f4 Kf6 50. fxg5+ hxg5 51. h4 gxh4 52. gxh4 e5 53. dxe5+
Kxe5 54. Kg5 Ke6 55. Kg4 Ke5 56. Kg5 Ke6 1/2-1/2

[Event "Portugal Open 2018"]
[Site "Lisboa POR"]
[Date "2018.02.09"]
[Round "9.88"]
[White "Neto, Horácio"]
[Black "Barrento, Jorge"]
[Result "1-0"]
[WhiteElo "2139"]
[BlackElo "1700"]
[WhiteFideId "1900315"]
[BlackFideId "1906500"]
[WhiteCountry "POR"]
[BlackCountry "POR"]
[PlyCount "71"]
[EventDate "2018.??.??"]

1. d4 Nf6 2. Nf3 d5 3. c4 dxc4 4. e3 a6 5. Bxc4 e6 6. O-O c5 7. Qe2 Be7 8. Rd1
Qc7 9. dxc5 Bxc5 10. b3 b5 11. Bd3 Bb7 12. Bb2 Nbd7 13. Nbd2 Rc8 14. a4 bxa4 15.
Rxa4 Be7 16. Rc4 Qb8 17. Rxc8+ Qxc8 18. Rc1 Qa8 19. Ra1 O-O 20. Bxa6 Nc5 21. Bc4
Qc8 22. b4 Nce4 23. Nxe4 Nxe4 24. b5 Nd6 25. Bd3 Rd8 26. Ne5 f6 27. Rc1 Qa8 28.
Nc6 Rd7 29. Qh5 g6 30. Bxg6 hxg6 31. Qxg6+ Kf8 32. Nxe7 Nf7 33. Nc6 Bxc6 34.
bxc6 Qxc6 35. Ba3+ Qc5 36. Bxc5+ 1-0

[Event "Portugal Open 2018"]
[Site "Lisboa POR"]
[Date "2018.02.09"]
[Round "9.89"]
[White "Alves, Fernando"]
[Black "Cohen, Lawrence"]
[Result "1-0"]
[WhiteElo "1701"]
[BlackElo "1866"]
[WhiteFideId "1905678"]
[BlackFideId "2026228"]
[WhiteCountry "POR"]
[BlackCountry "USA"]
[PlyCount "89"]
[EventDate "2018.??.??"]

1. e4 c5 2. Bc4 e6 3. Nc3 Nc6 4. Nf3 a6 5. a3 b5 6. Ba2 Bb7 7. O-O Nd4 8. d3
Nxf3+ 9. Qxf3 Nf6 10. Re1 Be7 11. Qg3 O-O 12. Bh6 Ne8 13. Bf4 d6 14. Rad1 e5 15.
Bc1 Rc8 16. Rf1 c4 17. f4 Bf6 18. f5 a5 19. dxc4 bxc4 20. Be3 Kh8 21. Qf2 a4 22.
Qe2 Ba6 23. Rf3 Bg5 24. Bxg5 Qxg5 25. Nxa4 Qe7 26. Nc3 Qb7 27. Rb1 Nf6 28. Qe1
Qb6+ 29. Qf2 Qa5 30. Rh3 h6 31. Qh4 Qd8 32. Rd1 Rc6 33. b4 cxb3 34. Bxb3 Qc7 35.
Qg3 Rc8 36. Nd5 Nxd5 37. Bxd5 Qa7+ 38. Kh1 Rxc2 39. f6 Rg8 40. Qg5 Kh7 41. Qf5+
Kh8 42. Qg5 Kh7 43. fxg7 Rxg7 44. Qxh6+ Kg8 45. Qh8# 1-0

[Event "Portugal Open 2018"]
[Site "Lisboa POR"]
[Date "2018.02.09"]
[Round "9.91"]
[White "Elias, Rúben"]
[Black "Pérez Bolanos, David"]
[Result "1/2-1/2"]
[WhiteElo "1836"]
[BlackElo "1651"]
[WhiteFideId "1906453"]
[BlackFideId "24564400"]
[WhiteCountry "POR"]
[BlackCountry "ESP"]
[PlyCount "91"]
[EventDate "2018.??.??"]

1. e4 c5 2. Nf3 d6 3. d4 cxd4 4. Nxd4 Nf6 5. Nc3 a6 6. Be2 e6 7. O-O Be7 8. Be3
Qc7 9. a4 Nc6 10. Qd2 Bd7 11. Rfd1 O-O 12. Nb3 Rad8 13. a5 Qc8 14. f3 Ne5 15.
Na4 Bxa4 16. Rxa4 Qc6 17. Raa1 Nc4 18. Bxc4 Qxc4 19. Bb6 Rc8 20. Rac1 d5 21. e5
Nd7 22. Bd4 Nc5 23. Nxc5 Bxc5 24. c3 Rc6 25. b4 Bxd4+ 26. cxd4 Qb5 27. Rc5 Rxc5
28. bxc5 Rc8 29. Kf2 Kf8 30. Qa2 Qb4 31. Qa1 Rc7 32. Rb1 Qd2+ 33. Kg1 Ke7 34.
Rb6 Qe3+ 35. Kh1 Qd3 36. h3 Qd2 37. c6 Rxc6 38. Rxb7+ Kd8 39. Qb2 Rc1+ 40. Kh2
Qxb2 41. Rxb2 Ra1 42. Rb7 Ke8 43. Rb8+ Kd7 44. Rb7+ Ke8 45. Rb8+ Kd7 46. Rb7+
1/2-1/2

[Event "Portugal Open 2018"]
[Site "Lisboa POR"]
[Date "2018.02.09"]
[Round "9.92"]
[White "Garcia, António"]
[Black "Dias, José"]
[Result "0-1"]
[WhiteElo "1833"]
[BlackElo "1660"]
[WhiteFideId "1901931"]
[BlackFideId "1923943"]
[WhiteCountry "POR"]
[BlackCountry "POR"]
[PlyCount "98"]
[EventDate "2018.??.??"]

1. c4 Nf6 2. Nc3 g6 3. d4 Bg7 4. e4 d6 5. f4 O-O 6. Nf3 c5 7. d5 Na6 8. Be2 Nc7
9. O-O a6 10. a4 Rb8 11. Kh1 h6 12. Bd2 e6 13. e5 dxe5 14. fxe5 Nh7 15. d6 Ne8
16. Be3 b6 17. Qd2 g5 18. Rad1 Qd7 19. Bd3 f5 20. Qc2 Rf7 21. h3 Nf8 22. g4 Bb7
23. Nd5 fxg4 24. hxg4 exd5 25. Bf5 Rxf5 26. gxf5 d4 27. f6 dxe3 28. fxg7 Nxg7
29. Kh2 Qg4 30. Rd5 Qf4+ 31. Kg1 Rd8 32. Ne1 Qg4+ 33. Ng2 Bxd5 34. cxd5 e2 35.
Re1 Qd4+ 36. Kh1 Qxe5 37. Rxe2 Qxd6 38. Ne3 Qf4 39. Kg2 Re8 40. Nc4 Qg4+ 41. Kf2
Rxe2+ 42. Qxe2 Qxe2+ 43. Kxe2 Nd7 44. Ke3 Kf7 45. Ke4 Kf6 46. b3 Nf5 47. Kf3
Nd4+ 48. Ke3 Nxb3 49. Kd3 Ne5+ 0-1

[Event "Portugal Open 2018"]
[Site "Lisboa POR"]
[Date "2018.02.09"]
[Round "9.93"]
[White "Guia, Artur"]
[Black "Cardoso, Miguel"]
[Result "1/2-1/2"]
[WhiteElo "1668"]
[BlackElo "1832"]
[WhiteFideId "1946781"]
[BlackFideId "1904280"]
[WhiteCountry "POR"]
[BlackCountry "POR"]
[PlyCount "88"]
[EventDate "2018.??.??"]

1. e4 e6 2. d4 d5 3. exd5 exd5 4. Bd3 Nf6 5. Nf3 Be7 6. O-O O-O 7. Bf4 Bg4 8. h3
Bh5 9. Nbd2 Nc6 10. c3 Re8 11. Qc2 Bg6 12. Bxg6 hxg6 13. Ne5 Nxe5 14. Bxe5 Bd6
15. Nf3 Bxe5 16. Nxe5 Nd7 17. Nxd7 Qxd7 18. Rfe1 b6 19. Qd2 f6 20. Rxe8+ Rxe8
21. Re1 Kf7 22. Re3 Qb5 23. Rxe8 Qxe8 24. Kf1 Qe4 25. a3 g5 26. f3 Qe7 27. Kf2
g6 28. Qe3 Qd6 29. g3 Qd7 30. Kg2 Qb5 31. Qd2 a5 32. Kf2 a4 33. Qe2 Qb3 34. Qd2
c5 35. Ke2 Qb5+ 36. Kf2 Qd7 37. g4 Qd6 38. Kg2 Ke7 39. Qc2 Qf4 40. Qxa4 Qd2+ 41.
Kg3 Qe1+ 42. Kg2 Qe2+ 43. Kg3 Kd6 44. Qa8 Qe1+ 1/2-1/2

[Event "Portugal Open 2018"]
[Site "Lisboa POR"]
[Date "2018.02.09"]
[Round "9.94"]
[White "Barros, Luís"]
[Black "Afonso, Paulo Jorge"]
[Result "1/2-1/2"]
[WhiteElo "1831"]
[BlackElo "1511"]
[WhiteFideId "23600110"]
[BlackFideId "1907549"]
[WhiteCountry "CPV"]
[BlackCountry "POR"]
[PlyCount "94"]
[EventDate "2018.??.??"]

1. e4 e6 2. d4 d5 3. e5 c5 4. c3 cxd4 5. cxd4 Nc6 6. Nf3 Bd7 7. a3 a6 8. Bd3 Qb6
9. Bc2 Be7 10. Nc3 f6 11. Na4 Qc7 12. Bf4 fxe5 13. Nxe5 Nf6 14. Ng6 Qa5+ 15. Bd2
Nb4 16. Nxh8 Nxc2+ 17. Qxc2 Qxa4 18. Qxa4 Bxa4 19. Rc1 Bd6 20. g4 Ke7 21. g5 Ne4
22. Be3 Rf8 23. h4 Bb8 24. g6 Rxh8 25. gxh7 Rxh7 26. Rc8 Bd6 27. f3 Ng3 28. Bg5+
Kd7 29. Rd8+ Kc7 30. Rh3 Nf5 31. f4 Nxd4 32. Rc3+ Bc6 33. Rg8 Nf5 34. Bd8+ Kd7
35. Bg5 Ne7 36. Rf8 Ng6 37. Rd8+ Kc7 38. Re8 Nxf4 39. Kd2 Be5 40. Re7+ Kd6 41.
Rf3 Ng6 42. Ref7 Bxb2 43. Bd8 Kc5 44. Rb3 Be5 45. Bb6+ Kd6 46. Bc7+ Kc5 47. Bb6+
Kd6 1/2-1/2

[Event "Portugal Open 2018"]
[Site "Lisboa POR"]
[Date "2018.02.09"]
[Round "9.95"]
[White "Cordeiro, João"]
[Black "Rupérez Benito, Yaiza"]
[Result "1-0"]
[WhiteElo "1807"]
[BlackElo "1503"]
[WhiteFideId "1935291"]
[BlackFideId "22297626"]
[WhiteCountry "POR"]
[BlackCountry "ESP"]
[PlyCount "117"]
[EventDate "2018.??.??"]

1. e4 e6 2. d4 d5 3. Nd2 dxe4 4. Nxe4 Nd7 5. Nf3 Ngf6 6. Ng3 Be7 7. Bd3 O-O 8.
O-O b6 9. b3 Bb7 10. Bb2 Re8 11. c4 Bd6 12. Ne5 c5 13. Nxd7 Nxd7 14. Ne4 Be7 15.
dxc5 bxc5 16. Qc2 Qc7 17. Rfe1 Qc6 18. f3 Qc7 19. Rad1 Rad8 20. Bc3 e5 21. Ng3
h6 22. Be4 Bf6 23. Nf5 Nf8 24. Bxb7 Qxb7 25. Nd6 Qe7 26. Nxe8 Rxe8 27. Rd5 Ng6
28. Qe4 a6 29. Red1 Rf8 30. Bb2 Nf4 31. Rd7 Qe8 32. R7d6 a5 33. Ba3 Ne6 34. Qc6
Qb8 35. Qb6 Be7 36. Qxb8 Rxb8 37. R6d5 Bf6 38. Bxc5 Ra8 39. Be3 a4 40. b4 Nc7
41. Ra5 Rb8 42. Rxa4 Ne6 43. b5 Nd4 44. Bxd4 exd4 45. Ra3 Rc8 46. Rb3 Bd8 47. b6
Bxb6 48. Rxb6 Rxc4 49. Rd6 Ra4 50. Rd2 Kh7 51. R6xd4 Rxd4 52. Rxd4 f5 53. a4 f4
54. a5 h5 55. a6 h4 56. a7 h3 57. a8=Q hxg2 58. Qe4+ Kh8 59. Rd8# 1-0

[Event "Portugal Open 2018"]
[Site "Lisboa POR"]
[Date "2018.02.09"]
[Round "9.96"]
[White "Pipiras, Filipa"]
[Black "Marques, Afonso"]
[Result "0-1"]
[WhiteElo "1771"]
[BlackElo "1399"]
[WhiteFideId "1944894"]
[BlackFideId "1947184"]
[WhiteCountry "POR"]
[BlackCountry "POR"]
[PlyCount "140"]
[EventDate "2018.??.??"]

1. d4 d5 2. c4 c6 3. cxd5 cxd5 4. Nf3 Bf5 5. Nc3 e6 6. Bf4 Nd7 7. e3 Bb4 8. Qb3
Qa5 9. Bb5 Qxb5 10. Nd2 Qb6 11. O-O Bxc3 12. Qxc3 Ne7 13. Qa3 Nc6 14. e4 Bxe4
15. Nxe4 dxe4 16. Rad1 Nxd4 17. Qa4 Nc6 18. Bd6 e3 19. fxe3 Qxe3+ 20. Kh1 Qg5
21. Qb3 Nb6 22. Bf4 Qh5 23. Qg3 O-O 24. Bc7 Nd5 25. Bd6 Rfd8 26. Rd3 Rd7 27.
Rdf3 Qg6 28. Qxg6 hxg6 29. Bc5 Ne5 30. Ra3 Nc4 31. Rxa7 Rxa7 32. Bxa7 Nxb2 33.
Bd4 Nc4 34. Bf2 Rd6 35. g3 Ra6 36. Rb1 Rxa2 37. Kg2 b6 38. Rc1 Nce3+ 39. Kf3 Nf5
40. Rc8+ Kh7 41. Rf8 Nd6 42. h4 b5 43. Bc5 Nb7 44. Bd4 Ra3+ 45. Kf2 Nd6 46. Be5
Ne4+ 47. Kg2 f6 48. Bb8 b4 49. Rf7 Ra8 50. Bf4 Nxf4+ 51. gxf4 Rb8 52. Ra7 b3 53.
Ra1 b2 54. Rb1 Nc3 55. Rxb2 Rxb2+ 56. Kf3 e5 57. Kg4 Rb4 58. Kg3 exf4+ 59. Kf3
Kh6 60. Kf2 Kh5 61. Kf3 Nd5 62. Kf2 Rb3 63. Kg2 Kxh4 64. Kf2 g5 65. Kg2 g4 66.
Kf2 Kh3 67. Ke2 f3+ 68. Kf2 Rb2+ 69. Kg1 g3 70. Kf1 Rb1# 0-1

[Event "Portugal Open 2018"]
[Site "Lisboa POR"]
[Date "2018.02.09"]
[Round "9.97"]
[White "Partoens, Remi"]
[Black "Spínola, Sidney"]
[Result "1-0"]
[WhiteElo "1663"]
[BlackElo "1750"]
[WhiteFideId "237108"]
[BlackFideId "1950720"]
[WhiteCountry "BEL"]
[BlackCountry "CPV"]
[PlyCount "127"]
[EventDate "2018.??.??"]

1. e4 c6 2. d4 d5 3. e5 Bf5 4. Ne2 e6 5. Ng3 Bg6 6. h4 h6 7. h5 Bh7 8. Bd3 Nd7
9. Bxh7 Rxh7 10. Qd3 Rh8 11. O-O Qc7 12. f4 Ne7 13. f5 O-O-O 14. Nc3 Rg8 15.
fxe6 fxe6 16. Nce2 g5 17. Bd2 Qb6 18. Kh1 Kb8 19. a4 a6 20. Nc3 Rc8 21. a5 Qd8
22. b4 Qe8 23. Qe2 Rc7 24. Nd1 Nc8 25. Ne3 Be7 26. Ng4 Rh8 27. Ra3 Na7 28. Raf3
Nb5 29. Qd3 Ka8 30. c3 Na3 31. Be1 Nc4 32. Rf7 Nf8 33. Rg7 Nd7 34. Qg6 Qd8 35.
Qxe6 Nf6 36. Qf5 Nd7 37. Rf7 Qe8 38. e6 Nf8 39. Rf3 Nd6 40. Qe5 Nxe6 41. Qxe6
Nxf7 42. Qxf7 Qd8 43. Qg6 Bd6 44. Rf6 Bf4 45. Nxh6 Qe7 46. Re6 Qf8 47. Ngf5 g4
48. Bh4 Bxh6 49. Nxh6 Rg7 50. Qf6 Qxf6 51. Bxf6 Rxh6 52. Re8+ Ka7 53. Bxg7 Rxh5+
54. Kg1 Rf5 55. Bf8 Rf7 56. Bc5+ b6 57. axb6+ Kb7 58. Re7+ Rxe7 59. Bxe7 Kxb6
60. Bg5 a5 61. bxa5+ Kxa5 62. Be7 Kb5 63. Bb4 Kc4 64. Kf2 1-0

[Event "Portugal Open 2018"]
[Site "Lisboa POR"]
[Date "2018.02.09"]
[Round "9.98"]
[White "Santos, José Duarte"]
[Black "Voges, Guilherme"]
[Result "1-0"]
[WhiteElo "1744"]
[BlackElo "1384"]
[WhiteFideId "1902318"]
[BlackFideId "1947680"]
[WhiteCountry "POR"]
[BlackCountry "POR"]
[PlyCount "65"]
[EventDate "2018.??.??"]

1. e4 e5 2. Nf3 Nc6 3. d4 exd4 4. Nxd4 d6 5. Nc3 g6 6. Bc4 Bg7 7. Be3 Nf6 8. f3
O-O 9. Qd2 Re8 10. O-O-O Ne5 11. Be2 a6 12. g4 d5 13. g5 Nh5 14. Nxd5 c6 15. Nf4
Qxg5 16. Nxh5 Qxh5 17. f4 Bg4 18. fxe5 Bxe5 19. h3 Bxd4 20. hxg4 Bxe3 21. gxh5
Rxe4 22. hxg6 fxg6 23. Bc4+ Kh8 24. Qxe3 Rxe3 25. Rd7 h5 26. Rxb7 Rae8 27. Kd2
Rg3 28. Rf1 Rg2+ 29. Kc3 Rg3+ 30. Kb4 a5+ 31. Kxa5 Re5+ 32. Kb6 Rf5 33. Re1 1-0

[Event "Portugal Open 2018"]
[Site "Lisboa POR"]
[Date "2018.02.09"]
[Round "9.99"]
[White "Santos, Isabel P"]
[Black "Passeiro, Lourenço"]
[Result "1-0"]
[WhiteElo "1739"]
[BlackElo "1362"]
[WhiteFideId "1921681"]
[BlackFideId "1934848"]
[WhiteCountry "POR"]
[BlackCountry "POR"]
[PlyCount "87"]
[EventDate "2018.??.??"]

1. d4 Nf6 2. c4 e6 3. Nc3 Bb4 4. Nf3 O-O 5. e3 d6 6. Bd3 Nbd7 7. O-O Bxc3 8.
bxc3 Qe7 9. Qc2 e5 10. e4 b6 11. Re1 Bb7 12. a4 h6 13. Nh4 Nh7 14. Nf5 Qd8 15.
Be3 Ng5 16. f4 Ne6 17. fxe5 dxe5 18. Qf2 Ng5 19. d5 Qf6 20. Rf1 Kh7 21. h4 g6
22. hxg5 hxg5 23. Ng3 Qxf2+ 24. Rxf2 f6 25. Raf1 Kg7 26. Rb2 Ba6 27. Ne2 Rh8 28.
Nc1 Rh4 29. Na2 Bxc4 30. Bxc4 Rxe4 31. Bb5 Rxe3 32. Bxd7 f5 33. Bc6 Rf8 34. Kf2
f4 35. Re2 g4 36. Rxe3 fxe3+ 37. Ke2 Rf4 38. g3 Rxf1 39. Kxf1 Kf6 40. Ke2 Kf5
41. Kxe3 a5 42. Nc1 g5 43. Ne2 Kg6 44. c4 1-0